000 00747nam a2200253Ia 4500
003 OSt
005 20221006145123.0
006 a|||||r|||| 00| 0
007 ta
008 221006b |||||||| |||| 00| 0 eng d
020 _c
_9.50(each)
024 _a13,828
037 _cTextual
040 _aEASL
_cEASL
_beng
041 _2eng
_aeng
082 _aV73:1949B.N1, F2;1
100 _aDENNETT Tyler
_9116661
245 0 _aAmericans in Eastern Asia
_b A critical study of United States' policy in ithe Far East in the nineteenth century
260 _aNew York
_bBarnes & Noble
_c1922
300 _a725p.
_ccm.
490 _v Oth
942 _hV73:1949B.N1, F2;1
_cTEXL
_2CC
999 _c1081914
_d1081914